Seguimiento a las aves rapaces ingresadas al Centro de recepción y Rehabilitación de la Fauna Silvestre de la Secretaría Distrital de Ambiente (Registro nro. 6852)

Detalles MARC
000 -CABECERA
Campo de control 00549nam a2200157 a 4500
005 - FECHA Y HORA DE LA ULTIMA TRANSACCION
Campo de control 20150929020002.0
008 - ELEMENTOS DE LONGITUD FIJA—INFORMACION GENERAL
Campo de control 150108b xxu||||| |||| 00| 0 spa d
040 ## - FUENTE DE CATALOGACIÓN
Agencia catalogadora original CO-BoIAVH
Agencia transcriptora CO-BoIAVH
041 ## - IDIOMA
Código de idioma para texto/pista de sonido o título separado Español
090 ## - CLASIFICACIÓN LOCAL
Colección IAVH
Consecutivo 01320
100 ## - ASIENTO PRINCIPAL--NOMBRE PERSONAL
Nombre personal Sastre Corredor, Carolina
245 ## - MENCION DE TITULO
Título Seguimiento a las aves rapaces ingresadas al Centro de recepción y Rehabilitación de la Fauna Silvestre de la Secretaría Distrital de Ambiente
Parte restante del título Quinto informe - final
260 ## - PUBLICACION, DISTRIBUCION, ETC. (PIE DE IMPRENTA)
Lugar de publicación, distribución, etc. Bogotá
Nombre del editor, distribuidor, etc. IAVH
-- SDA
Fecha de publicación, distribución, etc. 2009
300 ## - DESCRIPCION FISICA
Extensión 489 p.
942 ## - ELEMENTOS ADICIONALES (KOHA)
Tipo de ítem Informe Técnico
Sistema de clasificación Local
Koha issues (borrowed), all copies 1
Existencias
Withdrawn status Lost status Sistema de Clasificación Damaged status No para préstamo Colección Inventariado Ubicación Permanente Ubicación actual Fecha de adquisición Total Checkouts Número topográfico Inventario / Código de Barras Date last seen Date checked out Ejemplar Price effective from Forma de adquisición Tipo de material
    Local     Humboldt Inventariado 2017 Bogotá Bogotá   1 IAVH-01320 026908 09/08/2024 28/09/2015 Ej. 1 04/12/2012   Informe Técnico